Designing and building business applications : microsoft access /

Uloženo v:
Podrobná bibliografie
Hlavní autor: Post, Gerald V. (Autor)
Médium: Kniha
Jazyk:English
Vydáno: Boston : McGraw-Hill, 2005.
Vydání:3rd ed.
Témata:
Tagy: Přidat tag
Žádné tagy, Buďte první, kdo otaguje tento záznam!
LEADER 01303cam a2200301 i 4500
001 u47812
003 SIRSI
005 20210114114007.0
008 110131 eng
020 |a 0072943319  |q pbk. 
050 |a HF5548.4.M523   |b .P67 2005 
100 1 |a Post, Gerald V. ,  |e author  |9 73074 
245 1 0 |a Designing and building business applications :  |b microsoft access /  |c Gerald Post. 
250 |a 3rd ed. 
264 1 |a Boston :  |b McGraw-Hill,  |c 2005. 
300 |a v, 194 pages :  |b illustrations ;  |c 26 cm. 
336 |a text  |b txt  |2 rdacontent 
337 |a unmediated  |b n  |2 rdamedia 
338 |a volume  |b nc  |2 rdacarrier 
596 |a 1 
650 0 |a Business   |x Mathematical models   |x Computer programs.  |9 135913 
650 0 |a Business   |x Decision making   |x Mathematical models   |x Computer programs.  |9 22598 
942 |c BOOK_OA 
997 |a 83517; 83518 
998 |a 1  |b Shafrizan Shafferi 
999 |c 103898  |d 103898 
952 |0 0  |1 0  |2 LCC  |4 0  |6 HF55484 M523 P67 02005  |7 0  |9 185170  |a UTHM_LIB  |b UTHM_LIB  |c OPENACCS  |d 2004-07-28  |g 160.40  |l 0  |o HF5548.4.M523 .P67 2005  |p 1000092580  |r 2020-12-05  |t 1  |w 2020-12-05  |y BOOK_OA 
952 |0 0  |1 0  |2 LCC  |4 0  |6 HF55484 M523 P67 02005  |7 0  |9 185171  |a UTHM_LIB  |b UTHM_LIB  |c OPENACCS  |d 2004-07-28  |g 160.40  |l 0  |n 1  |o HF5548.4.M523 .P67 2005  |p 1000092576  |r 2020-12-05  |t 2  |w 2020-12-05  |y BOOK_OA